LEADER 01386nam a2200301 a 4500 001 000000174453 003 CaOOAMICUS 005 20210419173414.0 008 210419s2021 vc oc u000 u ita r 020 $a978-88-266-0558-6* 032 $aLibriCat 040 $aPUL$bita 100 1 $aPepe, Orazio.$0(OLS)http://pul/name/52559 245 10$aImparate da me che sono mite : $bvita e opere del Venerabile Fortunato Maria Farina /$cOrazio Pepe; prefazione dell'Arcivescovo Vincenzo Pelvi. 260 $a[Cittą del Vaticano] :$bLibreria editrice vaticana,$c©2021. 300 $a230, [22] p. :$bfotogr.; ritr.;$c22 cm 440 0$aVolti (Mimesis) 504 $aBibliografia in nota. 700 1 $aPelvi, Vincenzo,$d1948-$0(OLS)http://pul/name/41365 830 0$aVolti (Mimesis).$0(OLS)http://pul/title/150110 850 $aPUL 852 $aPUL$W1$xSL Religione 3$y85$m282. 092 FARFO 1$j198780$qDDC 21$B203396$CPULBib$Z2$F203396 $H134955 $82 941 1 $a9 996 $6020$a978-88-266-0558-6*$9(OLS)http://pul/number/168140 996 $6245$aImparate da me che sono mite : $bvita e opere del Venerabile Fortunato Maria Farina$9(OLS)http://pul/title/215729 996 $6440$aVolti (Mimesis)$9(OLS)http://pul/title/150110 996 $6260$a[Cittą del Vaticano] :$bLibreria editrice vaticana$9(OLS)http://pul/publisher/49159 LEADER 01349namaa2200277 i 4500 001 000000177296 003 CaOOAMICUS 005 20240924120811.0 008 240924s2024 it frm z000 u eng r 032 $aLibriCat 040 $aPUL$bita 100 1 $aDias, Lancy,$cs.j.,$d1983-$0(OLS)http://pul/name/114020 245 10$aAttachment to God and psycho-spiritual wellbeing :$bshame and guilt as mediators among Indian Catholic adults /$cLancy Dias, SJ. 260 $aRoma :$b[s.n.],$c2024. 300 $aiv, 129 pagine ;$b$c24 cm 502 $aEstratto da Tesi di dottorato-- Pontificia Universitą Gregoriana--Istituto di psicologia, 202, n.7164. 504 $aBibliografia: pagine 123-149. 650 4$aPsicologia religiosa.$0(OLS)http://pul/subject/7729 710 2 $aPontificia Universitą Gregoriana.$bIstituto di psicologia.$kTesi.$0(OLS)http://pul/name/82056 850 $aPUL 852 $aPUL$W1$xDP1 Tesi Pon. Univ. Gregoriana$y40$m2024 E 2$j201172$qTesi$B206250$CPULBib$Z2$F206250 $Hnull $82 941 1 $a16 960 $aPsicologia della religione$97729 996 $6245$aAttachment to God and psycho-spiritual wellbeing :$bshame and guilt as mediators among Indian Catholic adults$9(OLS)http://pul/title/218801 996 $6260$aRoma :$b[s.n.]$9(OLS)http://pul/publisher/47958